LDR 00636naa#a2200169#i#450# 001 EN\\bibl\122058 005 20260601032152.1 011 ## _a1998-6785 100 ## _a20230621b2023####ek#y0engy0150####ca 102 ## _aRU 200 1# _aEmpire and Colonialism in the Modern World _eJournal article 210 1# _aVladivostok _cVladivostok State University _d2023 215 ## _a5 с. 608 ## _aJournal article _2local 675 ## _aФормы политической организации. Государство как политическая власть. 321 _aВсеобщая история. 94 _z 700 #1 _aTkachev _gSergei V. 856 4# _avvgu.editorum.ru _u